00707nam a2200217 a 450000100060000000300080000600500170001400800410003103500190007204000370009104100080012808200220013610000490015824500570020726000590026430000390032350000400036250400530040265000240045565000100047956724BD-RjUL20211209080427.0161203r19611959enka b 001 0 eng d a(BD-RjUL)56848 aNHMcNHMdUKMdBD-RjULdOCLbeng aeng 223a501bPOL 19611 aPopper, Karl R.q(Karl Raimund),d1902-1994.14aThe logic of scientific discovery /cKarl R. Popper. aNew York : bBasic Books, Inc.,c1959[.Printing 1961] a479 p. :bill., facsims. ;c24 cm. aTranslation of Logik der Forschung. aIncludes bibliographical references and indexes. 0aSciencexPhilosophy 4aLogic